El jardín imperfecto : luces y sombras del pensamiento humanista /
Spremljeno u:
| Glavni autor: | |
|---|---|
| Format: | Nepoznato |
| Jezik: | Spanish |
| Izdano: |
España :
Paidós,
1999.
|
| Teme: | |
| Oznake: |
Dodaj oznaku
Bez oznaka, Budi prvi tko označuje ovaj zapis!
|
MARC
| LEADER | 000000000a22000000004500 | ||
|---|---|---|---|
| 001 | 006510 | ||
| 020 | |a 8449306787 | ||
| 041 | 0 | |a spa | |
| 082 | 0 | 4 | |a 144.094.4 |b T639j |
| 100 | 1 | |a Todorov, Tzvetan, |d 1939- | |
| 245 | 1 | 3 | |a El jardín imperfecto : |b luces y sombras del pensamiento humanista / |c Tzvetan Todorov. |
| 260 | 1 | |a España : |b Paidós, |c 1999. | |
| 300 | |a 343 páginas ; |c 21 cm. | ||
| 650 | 4 | |a HUMANISMO | |
| 650 | 4 | |a INDIVIDUALISMO | |
| 650 | 4 | |a FRANCIA | |
| 650 | 4 | |a HISTORIA | |
| 650 | 4 | |a VALORES SOCIALES | |
| 650 | 4 | |a FILOSOFIA FRANCESA | |
| 999 | |c 12036 |d 12036 | ||
| 942 | |c BK |h 144.094.4 T639j |2 z | ||



